[Event "Titled Tue 17th Jun Late"]
[Site "chess.com INT"]
[Date "2025.06.17"]
[Round "6"]
[White "Sliwicka, Alicja"]
[Black "Khanbutaev, Artemii"]
[Result "1/2-1/2"]
[WhiteTitle "WGM"]
[WhiteElo "2299"]
[BlackElo "2139"]
[WhiteFideId "1150677"]
[BlackFideId "55747175"]
[EventDate "2025.06.17"]

1. e4 e5 2. Nf3 Nc6 3. Nc3 Nf6 4. a3 d5 5. Bb5 Nxe4 6. Qe2 Qd6 7. Nxd5 Qxd5 8.
Bc4 Qd6 9. Qxe4 Bd7 10. d3 f6 11. Bd2 O-O-O 12. O-O-O g5 13. h3 h5 14. Kb1 Bg7
15. Qe3 Nd4 16. Nxd4 exd4 17. Qf3 g4 18. Qf4 Qxf4 19. Bxf4 b5 20. Bf7 Kb7 21.
Rde1 Bc6 22. f3 gxf3 23. gxf3 Rd7 24. Bg6 Bxf3 25. Be4+ Bxe4 26. Rxe4 c5 27. Rg1
Rf8 28. Kc1 Rff7 29. Kd2 Rfe7 30. Rxe7 Rxe7 31. Bd6 Bh6+ 32. Kd1 Re3 33. Bxc5
Rxh3 34. Bxd4 Bg5 35. Rf1 Rg3 36. Bxf6 Bxf6 37. Rxf6 h4 38. Rh6 h3 39. Kd2 Rg2+
40. Kc3 h2 41. d4 a5 42. a4 bxa4 43. Kd3 Kc7 44. d5 Kd7 45. d6 Kc6 46. Kc3 Rg3+
47. Kc4 Rg2 48. Kd3 Rg3+ 49. Ke4 Rg2 50. Kd3 Rg3+ 51. Kd4 Rg2 52. Kc3 Rg3+ 53.
Kc4 Rg2 54. Kc3 1/2-1/2

[Event "Titled Tue 17th Jun Late"]
[Site "chess.com INT"]
[Date "2025.06.17"]
[Round "6"]
[White "Bulgurlu, Okan"]
[Black "Matinian, Nikita"]
[Result "1/2-1/2"]
[WhiteTitle "CM"]
[BlackTitle "GM"]
[WhiteElo "1964"]
[BlackElo "2421"]
[WhiteFideId "6352316"]
[BlackFideId "24129100"]
[EventDate "2025.06.17"]

1. e4 c5 2. Nf3 d6 3. b3 Nc6 4. Bb2 Nf6 5. e5 dxe5 6. Nxe5 Nxe5 7. Bxe5 e6 8.
Be2 Bd6 9. Bb2 e5 10. Nc3 O-O 11. d3 a6 12. Bf3 Rb8 13. O-O b5 14. Re1 Re8 15.
Bc6 Bd7 16. Bf3 Qc7 17. Nd5 Nxd5 18. Bxd5 e4 19. Rxe4 Bxh2+ 20. Kh1 Rxe4 21.
dxe4 Be5 22. Bxf7+ Kf8 23. Bxe5 Qxe5 24. Bd5 Rb6 25. f4 Rh6+ 26. Kg1 Qxf4 27.
Qf1 Rf6 28. Qxf4 Rxf4 29. Rf1 Rxf1+ 30. Kxf1 Ke7 31. Kf2 Kd6 32. Kf3 Ke5 33. c3
a5 34. a3 g5 35. Ke3 h5 36. Bf7 h4 37. b4 cxb4 38. cxb4 axb4 39. axb4 g4 40. Bd5
Be8 41. Bb7 Bf7 42. Bc8 Bh5 43. Ke2 h3 44. gxh3 gxh3+ 45. Kf2 h2 46. Kg2 Bf3+
47. Kxh2 Bxe4 48. Kg3 Kd4 49. Bd7 Kc4 50. Bxb5+ Kxb5 51. Kf4 Bd3 52. Ke3 Bc4 53.
Kd4 Kxb4 1/2-1/2

[Event "Titled Tue 17th Jun Late"]
[Site "chess.com INT"]
[Date "2025.06.17"]
[Round "6"]
[White "Ernst, Luca"]
[Black "Winkels, Marcel"]
[Result "1-0"]
[WhiteTitle "FM"]
[BlackTitle "CM"]
[WhiteElo "2215"]
[BlackElo "1905"]
[WhiteFideId "45117055"]
[BlackFideId "1003887"]
[EventDate "2025.06.17"]

1. d4 Nf6 2. c4 c5 3. d5 e6 4. Nc3 exd5 5. cxd5 d6 6. g3 g6 7. Bg2 Bg7 8. Nf3
O-O 9. O-O Re8 10. Nd2 a6 11. a4 Nbd7 12. Nc4 Nb6 13. Qd3 Nxc4 14. Qxc4 Bd7 15.
Bf4 Qc7 16. b4 b6 17. Rfc1 Nh5 18. Be3 Qb7 19. Ne4 Bxa1 20. Nxd6 Qb8 21. Nxe8
Bh8 22. bxc5 bxc5 23. d6 Qxe8 24. Bxa8 Qxa8 25. Qxc5 Bf6 26. Qc7 Bh3 27. f3 Be6
28. d7 Qd5 29. Qb8+ Kg7 30. g4 Bd4 31. d8=Q Bxe3+ 32. Kf1 Qxd8 33. Qxd8 Bxc1 34.
gxh5 Bh6 35. Qd4+ f6 36. Qa7+ Bf7 37. hxg6 hxg6 38. Qxa6 Bf4 39. Kg2 Be5 40. Qb7
g5 41. a5 Kg6 42. a6 g4 43. a7 gxf3+ 44. Qxf3 Be6 45. a8=Q Bf5 46. Qe8+ Kg5 47.
h4+ Kh6 48. Qxf5 Kg7 49. Qfg6# 1-0

[Event "Titled Tue 17th Jun Late"]
[Site "chess.com INT"]
[Date "2025.06.17"]
[Round "6"]
[White "Bazan Romero, Octavio Aaron"]
[Black "Fikiet, Alex"]
[Result "1/2-1/2"]
[WhiteTitle "FM"]
[WhiteElo "2289"]
[BlackElo "2151"]
[WhiteFideId "20003943"]
[BlackFideId "2052717"]
[EventDate "2025.06.17"]

1. e4 c5 2. c3 Nf6 3. e5 Nd5 4. d4 cxd4 5. Nf3 d6 6. Bc4 Nb6 7. Bb3 Nc6 8. exd6
Qxd6 9. Nxd4 Nxd4 10. cxd4 Be6 11. O-O Bxb3 12. Qxb3 e6 13. Nc3 Be7 14. Be3 O-O
15. Rfd1 Qb4 16. d5 Nxd5 17. Nxd5 exd5 18. Rxd5 Qxb3 19. axb3 Bf6 20. Rxa7 Rxa7
21. Bxa7 Ra8 22. Ra5 Bxb2 23. Bb6 Rxa5 24. Bxa5 Kf8 25. Kf1 Ke8 26. Ke2 Kd7 27.
Kd3 Kc6 28. Bd2 g6 29. g4 Bf6 30. h3 Kc5 31. Ke4 b5 32. f4 Bg7 33. f5 Bb2 34. h4
Bf6 35. h5 gxh5 36. gxh5 Kd6 37. Bb4+ Kc6 38. Bf8 Bb2 39. Be7 Bg7 40. Bg5 Bb2
41. Bf4 Bf6 42. Be5 Bg5 43. Bd4 Bh6 44. Bf6 Bc1 45. Be5 Bh6 46. Bd4 Bf8 47. Kf4
Bh6+ 48. Ke4 Bf8 49. Be3 Bg7 50. Bf4 Bf8 51. Ke5 Bd6+ 52. Ke4 Bf8 53. Be5 Bh6
54. Bh8 Kd6 55. Bd4 Kc6 56. Bc3 Kd6 57. Be1 Bg7 58. Bg3+ Kc6 59. Be5 Bh6 1/2-1/2

[Event "Titled Tue 17th Jun Late"]
[Site "chess.com INT"]
[Date "2025.06.17"]
[Round "6"]
[White "Moussard, Jules"]
[Black "Davtyan, Artur"]
[Result "1-0"]
[WhiteTitle "GM"]
[BlackTitle "IM"]
[WhiteElo "2597"]
[BlackElo "2472"]
[WhiteFideId "642908"]
[BlackFideId "13308327"]
[EventDate "2025.06.17"]

1. Nf3 d5 2. e3 Nf6 3. b3 c5 4. Bb2 Nc6 5. Bb5 Bd7 6. O-O e6 7. Bxc6 Bxc6 8. Ne5
Be7 9. d3 O-O 10. Nd2 Qc7 11. f4 Rad8 12. Qf3 Nd7 13. Qg3 f6 14. Nxc6 Qxc6 15.
e4 Nb6 16. Rae1 Rd7 17. Kh1 Bd8 18. f5 e5 19. Qh4 Qc8 20. Rf3 c4 21. Ba3 Be7 22.
Bxe7 Rxe7 23. exd5 cxb3 24. d6 Rd7 25. axb3 Qxc2 26. Ne4 Nd5 27. Rh3 h6 28. Rg3
Kh7 29. Qg4 Nf4 30. Qf3 b6 31. d4 a5 32. dxe5 fxe5 33. f6 gxf6 34. Qg4 Qc8 35.
Qf5+ Kh8 36. Nxf6 Rdf7 37. d7 Qd8 38. Qxe5 Rxf6 39. h3 Qxd7 40. Rf3 Qf7 41. Rxf4
Qg7 42. Rxf6 Qxf6 43. Qe3 Rg8 44. Rd1 Qg5 45. Qd4+ Qg7 46. Qe4 Qg6 47. Qe5+ Qg7
48. Qe4 Qg6 49. Qf3 Qg3 50. Qf6+ Qg7 51. Qc6 Qg6 52. Rd6 Qb1+ 53. Kh2 Kg7 54.
Rd7+ Kh8 55. Qf6+ 1-0

[Event "Titled Tue 17th Jun Late"]
[Site "chess.com INT"]
[Date "2025.06.17"]
[Round "6"]
[White "Atis, Hasan"]
[Black "Toktomushev, Teimur"]
[Result "1-0"]
[WhiteTitle "CM"]
[BlackTitle "FM"]
[WhiteElo "2089"]
[BlackElo "2390"]
[WhiteFideId "44598017"]
[BlackFideId "14176726"]
[EventDate "2025.06.17"]

1. d4 d5 2. c4 e6 3. Nc3 Nf6 4. Nf3 Be7 5. Bf4 O-O 6. e3 b6 7. Bd3 dxc4 8. Bxc4
Ba6 9. Bxa6 Nxa6 10. O-O c5 11. Qe2 Qc8 12. Rac1 Qb7 13. Rfd1 Rfd8 14. h3 h6 15.
a3 Rac8 16. Nb5 cxd4 17. Rxc8 Rxc8 18. Rxd4 Nd5 19. Be5 Nc5 20. Nd6 Bxd6 21.
Bxd6 Nb3 22. Rd1 Nf6 23. Qb5 Na5 24. Be5 Nd5 25. e4 a6 26. Qa4 Ne7 27. Rd7 Qc6
28. Qd4 Ng6 29. Bxg7 Nb3 30. Qf6 Qc1+ 31. Kh2 Qf4+ 32. Qxf4 Nxf4 33. Bxh6 Ng6
34. Bg5 Rc2 35. Kg3 Nc5 36. Rd8+ Kg7 37. e5 Ne4+ 38. Kh2 Nxg5 39. Nxg5 Rxf2 40.
Kg3 Rxb2 41. Ne4 Nxe5 42. Ra8 Rb3+ 43. Kf4 Rxa3 44. Kxe5 b5 45. g4 b4 46. Rb8 b3
47. Nd2 Ra2 48. Nxb3 Rh2 49. Rb7 Rxh3 50. Nc5 Rg3 51. Nxe6+ Kg6 52. Nf4+ Kg7 53.
Nh5+ 1-0

[Event "Titled Tue 17th Jun Late"]
[Site "chess.com INT"]
[Date "2025.06.17"]
[Round "6"]
[White "Zlatin, Alexander"]
[Black "Ali, Sebbar"]
[Result "0-1"]
[WhiteTitle "FM"]
[BlackTitle "IM"]
[WhiteElo "2313"]
[BlackElo "2400"]
[WhiteFideId "2810549"]
[BlackFideId "8100977"]
[EventDate "2025.06.17"]

1. e4 c5 2. Nf3 Nc6 3. Nc3 g6 4. d4 cxd4 5. Nxd4 Bg7 6. Be3 Nf6 7. Nxc6 bxc6 8.
e5 Nd5 9. Nxd5 cxd5 10. Qxd5 Rb8 11. Bc4 e6 12. Qd2 Qc7 13. Bb3 Bxe5 14. Bd4 O-O
15. O-O-O d5 16. h4 Bf4 17. Be3 Bxe3 18. Qxe3 Rb4 19. h5 Qf4 20. Qxf4 Rxf4 21.
f3 a5 22. c3 a4 23. Bc2 a3 24. bxa3 Ba6 25. Rd4 Rxd4 26. cxd4 Rc8 27. Kd2 Rc4
28. h6 Rxd4+ 29. Ke3 Rc4 30. Bb3 Rc3+ 31. Kd4 Rc7 32. Ke5 Kf8 33. g4 Ke7 34. g5
Rc3 35. Kf4 d4 36. Ke4 d3 37. Ke3 Rc5 38. Rh4 Rxg5 39. Ra4 Re5+ 40. Kf4 Rf5+ 41.
Ke3 Bb5 42. Ra7+ Kf6 43. a4 Re5+ 44. Kd4 Bc6 45. Rxf7+ Kxf7 46. Kxe5 Bxf3 47.
Bxe6+ Ke7 48. Bb3 d2 49. a5 d1=Q 50. Bxd1 Bxd1 51. Ke4 Be2 52. Kd5 g5 53. Ke5 g4
54. Kf4 Kf6 55. a6 Bxa6 56. Kxg4 Kg6 57. a4 Kxh6 58. a5 Kg6 59. Kh4 h5 60. Kg3
Kg5 61. Kh3 h4 62. Kh2 Kg4 63. Kg1 h3 64. Kh2 Kh4 65. Kg1 Kg3 66. Kh1 Bb5 67. a6
h2 68. a7 Bc6# 0-1

[Event "Titled Tue 17th Jun Late"]
[Site "chess.com INT"]
[Date "2025.06.17"]
[Round "6"]
[White "Fiorito, Joaquin"]
[Black "Eminov, Orkhan"]
[Result "1-0"]
[WhiteTitle "IM"]
[BlackTitle "FM"]
[WhiteElo "2419"]
[BlackElo "2239"]
[WhiteFideId "180173"]
[BlackFideId "13402153"]
[EventDate "2025.06.17"]

1. d4 Nf6 2. c4 g6 3. Nf3 Bg7 4. g3 O-O 5. Bg2 d6 6. O-O Nbd7 7. Nc3 e5 8. e4 c6
9. h3 Re8 10. Re1 Qb6 11. d5 cxd5 12. cxd5 Nc5 13. Rb1 a5 14. Be3 Bd7 15. Nd2
Qc7 16. Bf1 b5 17. Nxb5 Bxb5 18. Bxb5 Reb8 19. Bc6 Ra6 20. Bxc5 dxc5 21. Nc4 Ne8
22. Bxe8 Rxe8 23. Qc2 Qd7 24. Kg2 f5 25. Rbd1 f4 26. d6 h5 27. Rd5 Kh7 28. Rxc5
Rc6 29. Rxc6 Qxc6 30. Qd3 Qc5 31. d7 fxg3 32. fxg3 Rd8 33. b3 Qc6 34. Rd1 a4 35.
Qd5 Qf6 36. Rf1 Qg5 37. Rf7 h4 38. g4 Qc1 39. Qd2 Qxd2+ 40. Nxd2 axb3 41. axb3
Kg8 42. Re7 Bf8 43. Rxe5 Rxd7 44. Rd5 Ra7 45. Nf3 Ra2+ 46. Rd2 Ra3 47. Rb2 Bg7
48. e5 g5 49. b4 Bf8 50. b5 Ra7 51. Nxg5 Bg7 52. Nf3 Rb7 53. Kf2 Kf7 54. Ke3 Ke6
55. Ke4 Kd7 56. Kd5 Rc7 57. Nd4 Rb7 58. e6+ Ke7 59. Nf5+ Kf8 60. Nxg7 Kxg7 61.
b6 Kf6 62. Kc6 Rb8 63. Kc7 Re8 64. b7 1-0

[Event "Titled Tue 17th Jun Late"]
[Site "chess.com INT"]
[Date "2025.06.17"]
[Round "6"]
[White "Aliyev, Elnur"]
[Black "Terron Elena, Francisco M."]
[Result "0-1"]
[WhiteTitle "CM"]
[BlackTitle "FM"]
[WhiteElo "2123"]
[BlackElo "2148"]
[WhiteFideId "13402617"]
[BlackFideId "2210576"]
[EventDate "2025.06.17"]

1. d4 d5 2. e3 Nf6 3. Ne2 g6 4. Nf4 Bg7 5. Nd3 Nbd7 6. b3 c5 7. Bb2 cxd4 8. exd4
Ne4 9. g3 Qa5+ 10. c3 O-O 11. Bg2 e5 12. O-O exd4 13. cxd4 Ndf6 14. Ne5 Bf5 15.
Qe1 Qc7 16. Nc3 Nxc3 17. Qxc3 Qxc3 18. Bxc3 Rac8 19. Bb4 Rfe8 20. Rac1 Bh6 21.
f4 Ne4 22. g4 f6 23. gxf5 fxe5 24. dxe5 gxf5 25. Bh3 Rxc1 26. Rxc1 Bxf4 27. Rc7
Rxe5 28. Rxb7 Ng5 29. Bg2 Be3+ 30. Kf1 f4 31. h4 Ne4 32. Bf3 Ng3+ 33. Kg2 Nf5
34. Kh3 Nd4 35. Bg4 f3 36. Rb8+ Kg7 37. Bf8+ Kf7 38. Bd6 f2 39. Kg2 Re4 40. Rf8+
Kg7 41. Bh3 Rxh4 42. Bd7 Rh6 43. Bc5 Rg6+ 44. Kh2 Rh6+ 45. Kg2 Rg6+ 46. Kh3 Rf6
47. Rxf6 Kxf6 48. Kg2 Ke5 49. Bxd4+ Kxd4 50. Bc6 Ke5 51. b4 h5 52. b5 h4 53. Bd7
d4 0-1

[Event "Titled Tue 17th Jun Late"]
[Site "chess.com INT"]
[Date "2025.06.17"]
[Round "6"]
[White "Labussiere, Victor"]
[Black "Tekeyev, Zaur"]
[Result "1-0"]
[WhiteTitle "FM"]
[BlackTitle "IM"]
[WhiteElo "2312"]
[BlackElo "2407"]
[WhiteFideId "2183129"]
[BlackFideId "4199731"]
[EventDate "2025.06.17"]

1. Nf3 Nf6 2. c4 g6 3. Nc3 Bg7 4. e4 d6 5. d4 Bg4 6. Be2 Bxf3 7. Bxf3 e5 8. d5
h5 9. Be3 Bh6 10. Bxh6 Rxh6 11. Qd2 Rh8 12. O-O-O Nbd7 13. Kb1 Nc5 14. b4 Ncd7
15. Kb2 a6 16. Be2 Kf8 17. g3 Qe7 18. Bd3 Kg7 19. Bc2 Rhb8 20. a3 Ne8 21. Ra1 c6
22. h4 Nef6 23. f3 cxd5 24. cxd5 Rc8 25. Bd3 b5 26. Rac1 Nb6 27. Ne2 Na4+ 28.
Ka2 Qa7 29. Bc2 Nb6 30. Bd3 Nc4 31. Bxc4 bxc4 32. Nc3 a5 33. b5 a4 34. g4 Rh8
35. g5 Nd7 36. Rb1 Qc5 37. f4 exf4 38. Qxf4 Ne5 39. Rhf1 Rhb8 40. Qf6+ Kg8 41.
Qf2 Qc7 42. Qd4 Qd7 43. Rf6 Qh3 44. Rxd6 Nd3 45. Ka1 Qxh4 46. b6 Qxg5 47. b7 Ra5
48. Rc6 Qf4 49. Rc8+ Kh7 50. Qh8# 1-0

[Event "Titled Tue 17th Jun Late"]
[Site "chess.com INT"]
[Date "2025.06.17"]
[Round "6"]
[White "Caruana, Fabiano"]
[Black "Bukreev, Stanislav"]
[Result "1-0"]
[WhiteTitle "GM"]
[BlackTitle "FM"]
[WhiteElo "2777"]
[BlackElo "2305"]
[WhiteFideId "2020009"]
[BlackFideId "34252347"]
[EventDate "2025.06.17"]

1. e4 e6 2. b3 d5 3. Bb2 dxe4 4. Nc3 Nf6 5. Qe2 Be7 6. O-O-O O-O 7. g4 c5 8. g5
Nd5 9. h4 Nc6 10. Qxe4 Nxc3 11. dxc3 Qc7 12. Bd3 g6 13. Nf3 e5 14. h5 Bf5 15.
Qh4 e4 16. hxg6 Bxg6 17. Bxe4 Bd6 18. Kb1 Bf4 19. Bd3 Rad8 20. c4 Nd4 21. Nxd4
cxd4 22. Bxg6 fxg6 23. Rxd4 Rxd4 24. Bxd4 a5 25. a4 Qd7 26. Bf6 Bd6 27. Qd4 Qe6
28. Rd1 Bb4 29. Be5 Re8 30. f4 Qf7 31. Qd5 Kf8 32. Qxf7+ Kxf7 33. c3 Bc5 34. Kc2
Re7 35. Rd5 b6 36. Kd3 Rb7 37. Rd8 Ke6 38. Ke4 Re7 39. Rc8 Rb7 40. Rc6+ Kd7 41.
Kd5 Be3 42. Rf6 Ke8 43. Kc6 Re7 44. b4 axb4 45. cxb4 Ra7 46. Kb5 Ra8 47. Bd6 Kd7
48. Be5 Ke7 49. Rc6 Kd7 50. Rc7+ Ke6 51. Rxh7 Kf5 52. Rf7+ Ke4 53. Rf6 Rc8 54.
Rxg6 Bd2 55. Rc6 Ra8 56. g6 Kf5 57. g7 Rg8 58. Rxb6 Be3 59. Rf6+ Ke4 60. Rf8 Bd4 1-0

[Event "Titled Tue 17th Jun Late"]
[Site "chess.com INT"]
[Date "2025.06.17"]
[Round "6"]
[White "Fernandez Siles, Luis"]
[Black "Zilberstein, Dmitry"]
[Result "0-1"]
[WhiteTitle "FM"]
[BlackTitle "IM"]
[WhiteElo "2170"]
[BlackElo "2358"]
[WhiteFideId "2209420"]
[BlackFideId "2010739"]
[EventDate "2025.06.17"]

1. d4 d6 2. e4 Nf6 3. Nc3 g6 4. f4 Bg7 5. Nf3 O-O 6. Bd3 Nc6 7. h3 e5 8. d5 Nd4
9. Nxd4 exd4 10. Ne2 Re8 11. O-O Nxe4 12. Bxe4 Rxe4 13. Ng3 Re8 14. f5 Be5 15.
Qf3 Qf6 16. fxg6 Qxf3 17. gxh7+ Kxh7 18. Rxf3 Kg6 19. Bd2 f5 20. Bf4 Bd7 21.
Raf1 Bxf4 22. Rxf4 Re5 23. Rxd4 Rae8 24. Rf3 Re1+ 25. Kh2 R8e5 26. Rc3 c6 27.
dxc6 Bxc6 28. Rxd6+ Kf7 29. Rd4 Kg6 30. h4 Rc1 31. Rd6+ Kf7 32. Rc4 Ke7 33. Rd2
Kf6 34. Rf4 a6 35. Rdf2 Bd7 36. Ne4+ Ke7 37. Nc3 Ree1 38. Kg3 Rh1 39. Re2+ Kd8
40. Rd4 Kc7 41. Re7 f4+ 42. Kf3 Rcf1+ 43. Ke4 Re1+ 44. Kd3 Rxe7 45. Nd5+ Kd8 46.
Nxe7 Kxe7 47. Rxf4 Bb5+ 48. Kc3 Bc6 49. Rg4 Kd6 50. Rg5 Rh2 51. h5 Rxg2 52. Rxg2
Bxg2 53. Kb4 Be4 54. c4 Kc6 55. Ka5 Bh7 56. b4 Kc7 57. c5 Kc6 58. a4 Bd3 59. h6
Be4 0-1

[Event "Titled Tue 17th Jun Late"]
[Site "chess.com INT"]
[Date "2025.06.17"]
[Round "6"]
[White "Rustemov, Alexander"]
[Black "Maksimovic, Bojan"]
[Result "0-1"]
[WhiteTitle "GM"]
[BlackTitle "IM"]
[WhiteElo "2525"]
[BlackElo "2514"]
[WhiteFideId "4119002"]
[BlackFideId "14408120"]
[EventDate "2025.06.17"]

1. d4 Nf6 2. c4 g6 3. Nf3 Bg7 4. g3 d6 5. Bg2 O-O 6. Nc3 Nbd7 7. d5 c6 8. O-O
cxd5 9. cxd5 Nc5 10. Be3 Nce4 11. Nxe4 Nxe4 12. Bd4 Nf6 13. Rc1 Bg4 14. Nd2 Qa5
15. h3 Bd7 16. a3 Rfc8 17. Nc4 Qa6 18. Qd3 Bb5 19. b3 Bxc4 20. bxc4 Nd7 21. Bxg7
Kxg7 22. f4 Rc5 23. Qd4+ Kg8 24. Rc3 Rac8 25. Rfc1 Nb6 26. Qe3 R8c7 27. Kh2 Rxc4
28. Bf3 Qa5 29. Rxc4 Nxc4 30. Qd4 b5 31. a4 Qb6 32. Qxb6 axb6 33. axb5 Rc5 34.
e4 Kf8 35. Be2 Na5 36. Rxc5 bxc5 37. Kg2 Ke8 38. Kf2 Kd7 39. Ke3 Kc7 40. Kd2
Nb3+ 41. Ke3 Nd4 42. Bc4 Kb6 43. e5 Nxb5 44. g4 f6 45. Ke4 Nc3+ 46. Kd3 Nb5 47.
Ke4 Na3 48. Be2 c4 49. Kd4 Kb5 50. h4 Kb4 51. g5 f5 52. h5 c3 53. Kd3 c2 54. Kd2
Kb3 55. Kc1 Kc3 0-1

[Event "Titled Tue 17th Jun Late"]
[Site "chess.com INT"]
[Date "2025.06.17"]
[Round "6"]
[White "Cori Quispe, Kevin Joel"]
[Black "Suvradeepta, Das"]
[Result "0-1"]
[WhiteTitle "GM"]
[BlackTitle "FM"]
[WhiteElo "2464"]
[BlackElo "2230"]
[WhiteFideId "3814017"]
[BlackFideId "5058031"]
[EventDate "2025.06.17"]

1. e4 c6 2. d4 d5 3. e5 Bf5 4. g4 Bg6 5. h4 h5 6. e6 fxe6 7. Bd3 Bxd3 8. Qxd3
hxg4 9. Qg6+ Kd7 10. Qxg4 Nf6 11. Qe2 Qb6 12. Nc3 Qxd4 13. Nf3 Qb4 14. a3 Qa5
15. Bd2 Qa6 16. Qe3 Qb6 17. Qf4 Qxb2 18. Rb1 Qxc2 19. Rxb7+ Ke8 20. Rxb8+ Rxb8
21. Qxb8+ Kf7 22. Ng5+ Kg6 23. Nxe6 Ne4 24. Rg1+ Kf6 25. Nxe4+ Qxe4+ 26. Kd1
Qxe6 27. Bc3+ Kf7 28. Qf4+ Ke8 29. Re1 Qg6 30. Bb4 Qb1+ 31. Kd2 Qb2+ 32. Kd1
Qb1+ 33. Ke2 Qe4+ 34. Qxe4 dxe4 35. Rc1 Kd7 36. Rd1+ Ke6 37. Rd8 Kf7 38. Rc8
Rxh4 39. Rxc6 Rh5 40. Ra6 g6 41. Rxa7 Rh2 42. a4 g5 43. a5 g4 44. Bd6 Rh6 45.
Bf4 Rf6 46. Be3 Bh6 47. Bd4 Rc6 48. a6 Rc2+ 49. Kf1 e3 50. fxe3 g3 0-1

[Event "Titled Tue 17th Jun Late"]
[Site "chess.com INT"]
[Date "2025.06.17"]
[Round "6"]
[White "Antoniou, Rafail"]
[Black "Kosakowski, Jakub"]
[Result "0-1"]
[WhiteTitle "CM"]
[BlackTitle "GM"]
[WhiteElo "2134"]
[BlackElo "2548"]
[WhiteFideId "5904390"]
[BlackFideId "1185080"]
[EventDate "2025.06.17"]

1. d3 g6 2. g3 Bg7 3. Bg2 d5 4. Nf3 Nf6 5. O-O O-O 6. Nbd2 c5 7. e4 Nc6 8. c3 e5
9. exd5 Nxd5 10. a4 b6 11. Nc4 h6 12. Re1 Re8 13. Qc2 Bf5 14. Nfd2 Be6 15. Ne4
Qe7 16. Ned6 Red8 17. Nb5 Rac8 18. Bd2 Kh7 19. Re2 a6 20. Nba3 Qb7 21. Rae1 b5
22. axb5 axb5 23. Ne3 Qb6 24. Nxd5 Bxd5 25. Bxd5 Rxd5 26. Nxb5 Qxb5 27. c4 Nd4
28. Qd1 Nxe2+ 29. Qxe2 Qxb2 30. cxd5 Rd8 31. Be3 Qxe2 32. Rxe2 Rxd5 33. Rc2 Bf8
34. Kf1 f5 35. Ke2 g5 36. f3 f4 37. Bf2 h5 38. Ra2 g4 39. Ra7+ Kg6 40. Ra6+ Kf5
41. Ra8 Bg7 42. Ra7 Bf6 43. Ra3 gxf3+ 44. Kxf3 c4 45. gxf4 cxd3 46. Be3 e4+ 47.
Kf2 Bd4 48. Bxd4 Rxd4 49. Ke3 d2 50. Ra5+ Ke6 51. Re5+ Kf6 52. Kxd4 d1=Q+ 53.
Kxe4 Qe2+ 54. Kd5 Qxh2 55. Ke4 h4 56. Rf5+ Kg6 57. Rg5+ Kh6 58. Rd5 Qg2+ 59. Ke5
h3 60. Rd6+ Kg7 61. Rd7+ Kf8 62. Rd8+ Ke7 63. Rd2 Qxd2 0-1

[Event "Titled Tue 17th Jun Late"]
[Site "chess.com INT"]
[Date "2025.06.17"]
[Round "6"]
[White "Stribuk, Artiom"]
[Black "Pranav, V"]
[Result "1/2-1/2"]
[WhiteTitle "IM"]
[BlackTitle "GM"]
[WhiteElo "2460"]
[BlackElo "2595"]
[WhiteFideId "13515659"]
[BlackFideId "25060783"]
[EventDate "2025.06.17"]

1. g3 d5 2. Bg2 Nf6 3. Nf3 c6 4. c4 Bg4 5. Ne5 Bf5 6. cxd5 cxd5 7. Nc3 Nbd7 8.
Qa4 Qc7 9. d4 e6 10. Bf4 Qb6 11. O-O Qb4 12. Nxd7 Nxd7 13. Rac1 a6 14. a3 Qxa4
15. Nxa4 Be7 16. Rc7 g5 17. Bd2 Rb8 18. Rfc1 Bd6 19. Rc8+ Ke7 20. Rxh8 Rxh8 21.
Bxg5+ f6 22. Bd2 b5 23. Nc5 Bxc5 24. dxc5 Ne5 25. Bc3 Nc6 26. e3 a5 27. b4 Bd3
28. Rd1 Be2 29. Rd2 axb4 30. axb4 Bc4 31. e4 Rd8 32. exd5 Bxd5 33. f4 f5 34. Kf2
h5 35. Bf3 Bxf3 36. Rxd8 Kxd8 37. Kxf3 Kd7 38. Kg2 Ne7 39. Kh3 Ng6 40. Bf6 Kc6
41. Kg2 Kd5 42. Kf3 Nf8 43. Bg7 Ng6 44. Bf6 Nf8 45. h3 Nd7 46. Bc3 Nb8 47. g4
fxg4+ 48. hxg4 hxg4+ 49. Kxg4 Nc6 50. Kg5 Kc4 51. Be1 Kd5 52. Kf6 Nd4 53. Ke7 e5
54. fxe5 Nc6+ 55. Kd7 Nxe5+ 56. Kc7 Nd3 57. Bd2 Nxc5 58. Kb6 Ne4 59. Kxb5 Nxd2
60. Ka6 Nc4 61. b5 Kc5 62. b6 Nxb6 1/2-1/2

[Event "Titled Tue 17th Jun Late"]
[Site "chess.com INT"]
[Date "2025.06.17"]
[Round "6"]
[White "Oksendal, Martin"]
[Black "Suleymanli, Suleyman"]
[Result "1/2-1/2"]
[WhiteTitle "FM"]
[BlackTitle "FM"]
[WhiteElo "2235"]
[BlackElo "2308"]
[WhiteFideId "1554107"]
[BlackFideId "13416375"]
[EventDate "2025.06.17"]

1. e4 e6 2. d4 d5 3. Nc3 Bb4 4. e5 c5 5. a3 Bxc3+ 6. bxc3 Ne7 7. Qg4 Qc7 8. Qxg7
Rg8 9. Qxh7 cxd4 10. Ne2 Nbc6 11. f4 dxc3 12. h4 Bd7 13. h5 O-O-O 14. Qd3 d4 15.
h6 Rg6 16. h7 Rh8 17. Nxd4 Nxd4 18. Qxd4 Kb8 19. Be3 b6 20. Bd3 Rxg2 21. O-O-O
Bc6 22. Rhg1 Nf5 23. Bxf5 exf5 24. Rxg2 Bxg2 25. Rg1 Qb7 26. e6 Rxh7 27. Qd8+
Qc8 28. e7 Bc6 29. Rg8 Rh1+ 30. Bg1 Be8 31. Qxc8+ Kxc8 32. Rxe8+ Kd7 33. Rd8+
Kxe7 34. Rd1 Ke6 35. Bd4 Rh3 36. Re1+ Kd5 37. Bf6 a5 38. Kb1 a4 39. Re5+ Kc4 40.
Re7 Kd5 41. Ka2 Rh2 42. Bxc3 Rxc2+ 43. Bb2 f6 44. Ra7 b5 45. Ra5 Kc4 46. Ra6 Rf2
47. Rc6+ Kd5 48. Rb6 Kc4 49. Rxf6 Rxf4 50. Rc6+ Kd5 51. Rc8 Rf2 52. Kb1 f4 53.
Bc3 f3 54. Bb4 Rg2 55. Rc5+ Ke4 56. Be1 Rg1 57. Rc1 Ke3 58. Bd2+ Kf2 59. Be3+
Kxe3 60. Rxg1 f2 61. Rf1 Ke2 62. Rxf2+ Kxf2 63. Kc2 Ke3 64. Kc3 Ke4 65. Kb4 Kd4
66. Kxb5 Kd5 67. Kxa4 Kc6 68. Kb4 Kb7 69. a4 Ka7 70. a5 Kb7 71. Ka4 Ka7 72. Kb5
Kb7 73. a6+ Ka7 74. Ka5 Ka8 75. Kb6 Kb8 76. a7+ Ka8 77. Ka6 1/2-1/2

[Event "Titled Tue 17th Jun Late"]
[Site "chess.com INT"]
[Date "2025.06.17"]
[Round "6"]
[White "Martinez Ramirez, Lennis"]
[Black "Paravyan, David"]
[Result "1/2-1/2"]
[WhiteTitle "IM"]
[BlackTitle "GM"]
[WhiteElo "2442"]
[BlackElo "2589"]
[WhiteFideId "3509079"]
[BlackFideId "4194985"]
[EventDate "2025.06.17"]

1. b4 e5 2. Bb2 Bxb4 3. Bxe5 Nf6 4. Nf3 d5 5. e3 O-O 6. c4 Nc6 7. Bb2 Re8 8. a3
Ba5 9. Be2 Bg4 10. O-O Qd6 11. Nc3 dxc4 12. Bxc4 Bxf3 13. gxf3 Ne5 14. Be2 Nd3
15. Nb5 Qd7 16. Bxf6 Qxb5 17. Bh4 Qd5 18. Rb1 c5 19. f4 c4 20. Bf3 Qd6 21. Rxb7
Rab8 22. Qa4 Bxd2 23. Rxb8 Rxb8 24. Qxc4 Qxa3 25. Rd1 Nxf2 26. Bxf2 Bxe3 27. Qc7
Bxf2+ 28. Kg2 Rf8 29. Kxf2 Qb4 30. Kg3 a5 31. Ra1 a4 32. Qa7 g6 33. Qxa4 Qxa4
34. Rxa4 Kg7 35. Ra7 Kf6 36. Bd5 Kg7 37. Kf3 Kf6 38. h4 Kg7 39. Kg4 Kf6 40. Rb7
Kg7 41. Kg5 h6+ 42. Kg4 Kf6 43. Rd7 h5+ 44. Kf3 Kg7 45. f5 Kf6 46. Kf4 gxf5 47.
Rd6+ Kg7 48. Kxf5 Rb8 49. Rd7 Rb4 50. Rxf7+ Kh6 51. Rf6+ Kg7 52. Rg6+ Kh7 53.
Kg5 Rg4+ 54. Kxh5 Rxg6 55. Be4 Kh8 56. Bxg6 Kg8 57. Kg5 Kh8 58. Kh6 Kg8 59. Bf5
Kh8 60. h5 Kg8 61. Kg6 Kh8 62. h6 Kg8 63. Be6+ Kh8 64. Kf7 Kh7 65. Bf5+ Kxh6 1/2-1/2